Languages and their territories
Αποθηκεύτηκε σε:
| Κύριος συγγραφέας: | |
|---|---|
| Μορφή: | Βιβλίο |
| Γλώσσα: | English French |
| Δημοσίευση: |
Toronto, Buffalo :
University of Toronto Press,
c1987.
|
| Θέματα: | |
| Ετικέτες: |
Προσθήκη ετικέτας
Δεν υπάρχουν, Καταχωρήστε ετικέτα πρώτοι!
|
MARC
| LEADER | 00000cam a2200000 i 4500 | ||
|---|---|---|---|
| 001 | 1/82506 | ||
| 008 | 980924s1987 cn | ||| |||| ||eng|| | ||
| 020 | |a 0802057039 | ||
| 035 | |l 10033966 | ||
| 035 | |a 1990 |b 3 |c Ρούσσου | ||
| 040 | |a GR-MY-UA |b gre |e aacr | ||
| 041 | 1 | |a eng |h fre | |
| 082 | 7 | |a 306.44 |2 (20) | |
| 100 | 1 | |a Laponce, J. A. | |
| 245 | 1 | 0 | |a Languages and their territories / |c J.A. Laponce ; translated from the French by Anthony Martin-Sperry. |
| 260 | |a Toronto, Buffalo : |b University of Toronto Press, |c c1987. | ||
| 300 | |a x, 265 σ. : |b εικ. ; |c 24 εκ. | ||
| 500 | |a Τίτλος πρωτοτύπου: Langue et territoire. | ||
| 504 | |a Βιβλιογραφία: σ. [211]-249 | ||
| 504 | |a Περιέχει ευρετήριο. | ||
| 650 | 0 | 0 | |a Language and languages |x Political aspects. |
| 650 | 0 | 0 | |a Areal linguistics. |
| 650 | 0 | 0 | |a Bilingualism. |
| 650 | 0 | 0 | |a Multilingualism. |
| 650 | 0 | 0 | |a Linguistic minorities. |
| 852 | |a INST |b RHODES |e 19980924 |h 306.44 LAP |p 005400008322 |q 005400008322 |t BK |y 0 | ||
| 909 | |a Ρ |b 018689 | ||
| 970 | |z 24/09/1998 | ||